[Event "Rated Blitz tournament udvU5rTx"]
[Site "?"]
[Date "2021.05.21"]
[Round "?"]
[White "sapber"]
[Black "dr_xStranger"]
[Result "0-1"]
[WhiteElo "2454"]
[BlackElo "2557"]
[PlyCount "66"]
[EventDate "2021.??.??"]
[EventType "blitz"]

1. e4 e5 2. Nf3 d5 3. Nxe5 Bd6 4. d4 dxe4 5. Bc4 Bxe5 6. Qh5 Qe7 7. Qxe5 Qxe5
8. dxe5 Nc6 9. Bf4 Nge7 10. Nc3 Ng6 11. Bg3 Ngxe5 12. Bb5 Bd7 13. Nxe4 O-O-O
14. O-O-O Rhe8 15. Rhe1 a6 16. Ba4 Ng6 17. Nc5 Bg4 18. Rxe8 Rxe8 19. f3 Bf5 20.
Bxc6 bxc6 21. Re1 Rxe1+ 22. Bxe1 Nf4 23. g3 Ne2+ 24. Kd2 Nd4 25. Bf2 Nxf3+ 26.
Kc3 Nxh2 27. Nxa6 Ng4 28. Bd4 g5 29. Nc5 h5 30. a4 h4 31. gxh4 gxh4 32. Nd3
Bxd3 33. cxd3 h3 {Normal} 0-1

[Event "Rated Blitz game"]
[Site "?"]
[Date "2021.05.21"]
[Round "?"]
[White "Mikkel_Vinh"]
[Black "Berovski"]
[Result "0-1"]
[WhiteElo "2460"]
[BlackElo "2406"]
[PlyCount "64"]
[EventDate "2021.??.??"]
[EventType "blitz"]

1. e4 e5 2. Nf3 d5 3. Nxe5 Bd6 4. d4 Bxe5 5. dxe5 dxe4 6. Qxd8+ Kxd8 7. Nc3 Nc6
8. Bf4 Bf5 9. O-O-O+ Kc8 10. Bc4 Nge7 11. Bxf7 Rf8 12. Bb3 Bg4 13. f3 exf3 14.
gxf3 Bxf3 15. Bg3 Bxh1 16. Rxh1 Nd4 17. Bc4 c6 18. Rd1 Nef5 19. Ne4 b5 20. Nd6+
Kc7 21. Nxf5 Nxf5 22. e6+ Nxg3 23. Rd7+ Kb6 24. hxg3 bxc4 25. Rxg7 Rad8 26. c3
Rf1+ 27. Kc2 Rf2+ 28. Kc1 Rdd2 29. e7 Rc2+ 30. Kd1 Rxb2 31. Kc1 Rxa2 32. Kb1
Rae2 {Normal} 0-1

[Event "Rated Blitz tournament udvU5rTx"]
[Site "?"]
[Date "2021.05.21"]
[Round "?"]
[White "Plaskett7"]
[Black "om_gendut"]
[Result "0-1"]
[WhiteElo "2555"]
[BlackElo "2386"]
[PlyCount "58"]
[EventDate "2021.??.??"]
[EventType "blitz"]

1. e4 e5 2. Nf3 d5 3. exd5 e4 4. Qe2 Be7 5. Qxe4 Nf6 6. Qe2 O-O 7. Qd1 Nxd5 8.
d3 Bf5 9. Be2 Re8 10. O-O Nc6 11. Nc3 Bf6 12. Bd2 Qd7 13. Re1 Re6 14. Ne4 Bxe4
15. dxe4 Rxe4 16. c3 Rae8 17. Bd3 Rxe1+ 18. Bxe1 Nb6 19. Qc2 g6 20. Rd1 Qg4 21.
h3 Qe6 22. a3 Ne5 23. Be4 Nxf3+ 24. Bxf3 c6 25. Bd2 Nc4 26. Bc1 Be5 27. a4 Bc7
28. b3 Qe1+ 29. Rxe1 Rxe1# {Normal} 0-1

[Event "Rated Blitz game"]
[Site "?"]
[Date "2021.05.21"]
[Round "?"]
[White "Vox-Dei"]
[Black "Taabling"]
[Result "1/2-1/2"]
[WhiteElo "2411"]
[BlackElo "2452"]
[PlyCount "110"]
[EventDate "2021.??.??"]
[EventType "blitz"]

1. e4 e5 2. Nf3 d5 3. Nxe5 Bd6 4. d4 dxe4 5. Nc3 Nf6 6. Be2 O-O 7. h3 Nc6 8.
Nc4 Bb4 9. a3 Bxc3+ 10. bxc3 Nd5 11. Bb2 Qg5 12. g3 e3 13. h4 exf2+ 14. Kxf2
Qf6+ 15. Bf3 Bg4 16. Qd3 Rae8 17. Rae1 b5 18. Nd2 Bxf3 19. Nxf3 a6 20. c4 bxc4
21. Qxc4 Nb6 22. Qd3 Na5 23. Bc3 Nac4 24. Bb4 Rxe1 25. Rxe1 Rd8 26. c3 Qg6 27.
Qxg6 hxg6 28. Ne5 a5 29. Nc6 Ra8 30. Bc5 Nxa3 31. Ra1 Nb5 32. c4 Nd6 33. Bxd6
cxd6 34. Rxa5 Rxa5 35. Nxa5 Kf8 36. c5 dxc5 37. dxc5 Nd5 38. Kf3 Ke7 39. Ke4
Nf6+ 40. Kd4 Kd7 41. Nc4 Ne8 42. Ne5+ Ke6 43. c6 Nc7 44. Nc4 f6 45. Kc5 Kf5 46.
Kd6 Nb5+ 47. Ke7 Kg4 48. Kf7 Kxg3 49. Kxg6 Kxh4 50. Ne3 Kg3 51. Kxg7 Kf4 52.
Nd5+ Ke5 53. Nxf6 Kd6 54. c7 Nxc7 55. Ne8+ Nxe8+ {Normal} 1/2-1/2

[Event "Rated Blitz tournament veZBZVzZ"]
[Site "?"]
[Date "2021.05.21"]
[Round "?"]
[White "austrianattack"]
[Black "om_gendut"]
[Result "1-0"]
[WhiteElo "2403"]
[BlackElo "2399"]
[PlyCount "115"]
[EventDate "2021.??.??"]
[EventType "blitz"]

1. e4 e5 2. Nf3 d5 3. Nxe5 Bd6 4. d4 dxe4 5. Nc4 Be7 6. Nc3 Nf6 7. Bg5 Bf5 8.
Ne3 Bg6 9. h4 h6 10. Bf4 O-O 11. Be2 Bd6 12. Bxd6 Qxd6 13. g4 Nc6 14. d5 Ne5
15. g5 hxg5 16. hxg5 Nh7 17. Qd2 Nxg5 18. O-O-O Ngf3 19. Bxf3 Nxf3 20. Qe2 Rae8
21. Rh3 f5 22. Rdh1 a6 23. Nc4 Qf4+ 24. Kb1 Kf7 25. Rg3 Rh8 26. Rd1 Rh2 27. d6
Qxg3 28. fxg3 Rxe2 29. Nxe2 Rd8 30. Kc1 cxd6 31. Nxd6+ Ke6 32. Nf4+ Kf6 33.
Nxe4+ fxe4 34. Rxd8 Bf5 35. Rd6+ Ke5 36. Rb6 g5 37. Ne2 Bc8 38. Rg6 Kf5 39. Rg8
Bd7 40. Kd1 Bb5 41. Nc3 Bc6 42. Ke2 Kg4 43. Ke3 Kxg3 44. Nxe4+ Bxe4 45. Kxe4 g4
46. c3 Nh2 47. Ke3 Kg2 48. Kf4 Kf2 49. b4 Ke2 50. c4 Kd3 51. c5 Kc4 52. a3 Kb5
53. Rg7 Ka4 54. Rxb7 Kxa3 55. c6 g3 56. Kxg3 Nf1+ 57. Kf4 Nd2 58. c7 {Normal}
1-0

[Event "Rated Blitz game"]
[Site "?"]
[Date "2021.05.21"]
[Round "?"]
[White "Kasubo"]
[Black "Barruch"]
[Result "0-1"]
[WhiteElo "2405"]
[BlackElo "2398"]
[PlyCount "50"]
[EventDate "2021.??.??"]
[EventType "blitz"]

1. e4 e5 2. Nf3 d5 3. Nxe5 dxe4 4. d4 Bd6 5. Nc3 Nf6 6. Bg5 Bf5 7. Bc4 O-O 8.
O-O Nbd7 9. Nxd7 Qxd7 10. Bxf6 gxf6 11. Qh5 Bg6 12. Qh4 Kg7 13. Nxe4 Be7 14.
Ng3 Qc6 15. Bb3 Qb5 16. Rfe1 Rfe8 17. a4 Qg5 18. Qh3 Rad8 19. c3 Bd6 20. Rxe8
Rxe8 21. Qd7 Re7 22. Qc8 h5 23. Qxb7 h4 24. Nf1 Be4 25. Qb5 Qxg2# {Normal} 0-1

[Event "Rated Blitz game"]
[Site "?"]
[Date "2021.05.21"]
[Round "?"]
[White "zolpi"]
[Black "anjaya01"]
[Result "0-1"]
[WhiteElo "2380"]
[BlackElo "2403"]
[PlyCount "98"]
[EventDate "2021.??.??"]
[EventType "blitz"]

1. e4 e5 2. Nf3 d5 3. exd5 Bd6 4. Nc3 f5 5. Bb5+ Kf8 6. d3 h6 7. Qe2 Qf6 8. Bd2
g5 9. O-O-O g4 10. Ne1 a6 11. Ba4 b5 12. Bb3 Nd7 13. h3 h5 14. hxg4 hxg4 15.
Rxh8 Qxh8 16. f3 g3 17. f4 exf4 18. Qf3 Qh6 19. d4 Ndf6 20. Nd3 Nh5 21. Ne5
Ngf6 22. Rf1 b4 23. Na4 Ng4 24. Bxf4 Nxf4 25. Qxf4 Qxf4+ 26. Rxf4 Nxe5 27. dxe5
Bxe5 28. Rh4 f4 29. d6 cxd6 30. Bd5 Rb8 31. Rh7 a5 32. Kd2 Ba6 33. b3 Bb5 34.
Rf7+ Ke8 35. Ra7 Bd4 36. Rxa5 Ke7 37. Ke1 Kf6 38. Kd2 Ke5 39. Bc4 Be3+ 40. Kd3
d5 41. Bxb5 Bf2 42. Bc6 Rd8 43. Nc5 f3 44. gxf3 g2 45. f4+ Kd6 46. Ne4+ dxe4+
47. Bxe4 g1=Q 48. Rd5+ Ke7 49. Kc4 Qf1+ {Normal} 0-1

[Event "Rated Blitz game"]
[Site "?"]
[Date "2021.05.21"]
[Round "?"]
[White "ElhachaGM"]
[Black "AsianLion"]
[Result "0-1"]
[WhiteElo "2664"]
[BlackElo "2655"]
[PlyCount "60"]
[EventDate "2021.??.??"]
[EventType "blitz"]

1. e4 e5 2. Nf3 d5 3. exd5 Bd6 4. Nc3 Nf6 5. Bc4 e4 6. Ng5 O-O 7. d4 h6 8. Nh3
Bxh3 9. gxh3 Qd7 10. Bf1 Qf5 11. Rg1 Kh8 12. Be3 Nbd7 13. Qd2 Kh7 14. O-O-O Nb6
15. Be2 Bb4 16. a3 a5 17. axb4 axb4 18. Nb1 Nfxd5 19. Rg4 Rfe8 20. Rdg1 g6 21.
Bxh6 Ra1 22. Rh4 Kg8 23. Bg4 Qf6 24. Bg5 Qc6 25. Bf5 Nc3 26. bxc3 bxc3 27. Qf4
Qb5 28. Rh8+ Kxh8 29. Bf6+ Kg8 30. Kd1 Rxb1+ {Normal} 0-1

[Event "Rated Blitz game"]
[Site "?"]
[Date "2021.05.21"]
[Round "?"]
[White "calm_and_ready"]
[Black "AsianLion"]
[Result "0-1"]
[WhiteElo "2696"]
[BlackElo "2668"]
[PlyCount "22"]
[EventDate "2021.??.??"]
[EventType "blitz"]

1. e4 e5 2. Nf3 d5 3. Nxe5 Bd6 4. d4 dxe4 5. Nc3 Nf6 6. Nc4 Bb4 7. Bg5 h6 8.
Bh4 O-O 9. Be2 Nc6 10. O-O Qxd4 11. Qxd4 Nxd4 {Normal} 0-1

[Event "Rated Blitz game"]
[Site "?"]
[Date "2021.05.21"]
[Round "?"]
[White "Spiegelstufe"]
[Black "annaly1979"]
[Result "0-1"]
[WhiteElo "2540"]
[BlackElo "2443"]
[PlyCount "88"]
[EventDate "2021.??.??"]
[EventType "blitz"]

1. e4 e5 2. Nf3 d5 3. Nxe5 Qe7 4. d4 f6 5. Nd3 Nc6 6. c3 Bf5 7. Be2 Bxe4 8. O-O
Qf7 9. Nd2 Bf5 10. Nb3 Bxd3 11. Bxd3 Bd6 12. Re1+ Nge7 13. Qf3 O-O 14. Bd2 a5
15. a4 Ng6 16. Re2 Kh8 17. Rae1 Nce7 18. g3 c6 19. h4 Ng8 20. Qf5 Rfe8 21. Rxe8
Rxe8 22. Rxe8 Qxe8 23. Nxa5 Qa8 24. c4 b6 25. Qd7 bxa5 26. Qxd6 dxc4 27. Bxc4
Qe8 28. Kg2 Qe4+ 29. Kh2 Qf3 30. Be3 h5 31. Qd8 N6e7 32. b4 axb4 33. a5 b3 34.
Bxb3 Kh7 35. a6 Nf5 36. a7 Nxe3 37. fxe3 Qf2+ 38. Kh3 Qf5+ 39. Kh2 Qf2+ 40. Kh3
Nh6 41. a8=Q Qf5+ 42. Kh2 Ng4+ 43. Kg1 Qf2+ 44. Kh1 Qh2# {Normal} 0-1

[Event "Rated Blitz tournament udvU5rTx"]
[Site "?"]
[Date "2021.05.21"]
[Round "?"]
[White "Guzman70"]
[Black "Magical_Cat"]
[Result "0-1"]
[WhiteElo "2340"]
[BlackElo "2445"]
[PlyCount "46"]
[EventDate "2021.??.??"]
[EventType "blitz"]

1. e4 e5 2. Nf3 d5 3. Nxe5 Bd6 4. d4 dxe4 5. Bc4 Bxe5 6. dxe5 Qxd1+ 7. Kxd1 Nc6
8. Nc3 Bg4+ 9. Be2 O-O-O+ 10. Bd2 Nxe5 11. Nxe4 f5 12. Ng5 Nc4 13. f3 Rxd2+ 14.
Ke1 Bh5 15. Bxc4 Rxg2 16. Be6+ Kb8 17. h4 Nf6 18. Bxf5 Re8+ 19. Kf1 Ree2 20.
Bd3 Ref2+ 21. Ke1 Nd5 22. Rf1 Rd2 23. Bxh7 Rge2# {Normal} 0-1

[Event "Rated Blitz game"]
[Site "?"]
[Date "2021.05.21"]
[Round "?"]
[White "Vladimir2022"]
[Black "Parets"]
[Result "1-0"]
[WhiteElo "2457"]
[BlackElo "2295"]
[PlyCount "71"]
[EventDate "2021.??.??"]
[EventType "blitz"]

1. e4 e5 2. Nf3 d5 3. Nxe5 Bd6 4. d4 dxe4 5. Nc3 Bxe5 6. dxe5 Qxd1+ 7. Kxd1 Nc6
8. Bb5 Bd7 9. Nxe4 O-O-O 10. Ke1 Nxe5 11. Bxd7+ Rxd7 12. Be3 Nc4 13. Ke2 Nxb2
14. Rab1 Nc4 15. Nc5 Re7 16. Nxb7 Nxe3 17. fxe3 Nf6 18. Nc5 Rhe8 19. Rb3 Ng4
20. e4 f5 21. Rhb1 c6 22. h3 Nf6 23. Rb8+ Kc7 24. Na6+ Kd6 25. Rd1+ Ke5 26.
Rxe8 Rxe8 27. exf5 Kxf5+ 28. Kf2 Ne4+ 29. Kf3 Ng5+ 30. Kf2 Ne4+ 31. Kf3 Ng5+
32. Kg3 Re3+ 33. Kh2 Ra3 34. Nb8 Rxa2 35. Nxc6 Rxc2 36. Nd4+ {Normal} 1-0

[Event "Rated Blitz game"]
[Site "?"]
[Date "2021.05.21"]
[Round "?"]
[White "arpitachess"]
[Black "DonCroccante"]
[Result "0-1"]
[WhiteElo "2462"]
[BlackElo "2467"]
[PlyCount "94"]
[EventDate "2021.??.??"]
[EventType "blitz"]

1. e4 e5 2. Nf3 d5 3. exd5 e4 4. Nd4 Nf6 5. c4 c6 6. Nc3 Bb4 7. Nc2 Bxc3 8.
dxc3 cxd5 9. Bg5 O-O 10. Bxf6 Qxf6 11. cxd5 Nd7 12. Be2 Ne5 13. O-O Qh4 14. g3
Qh6 15. Qd4 Qf6 16. Qxe4 Bf5 17. Qa4 b5 18. Qb3 Nc4 19. Rad1 a5 20. Nd4 Be4 21.
Bxc4 bxc4 22. Qxc4 Rac8 23. Qe2 Bxd5 24. f4 Bc4 25. Qg4 Bxf1 26. Rxf1 a4 27. a3
Rb8 28. Rf2 Rfe8 29. h4 Re1+ 30. Kh2 Rb1 31. h5 R1xb2 32. Rxb2 Rxb2+ 33. Kh3
Rb8 34. Nf5 h6 35. Nd4 Re8 36. Qd7 Qe7 37. Qxe7 Rxe7 38. Kg4 Rc7 39. Ne2 Rb7
40. Kf3 Rb3 41. Ke4 Rxa3 42. c4 Ra1 43. c5 Ra2 44. Nc3 Rc2 45. Kd4 Rd2+ 46. Kc4
Rd8 47. c6 a3 {Time forfeit} 0-1

[Event "Rated Blitz game"]
[Site "?"]
[Date "2021.05.21"]
[Round "?"]
[White "RenierChess"]
[Black "BigLion5555"]
[Result "1-0"]
[WhiteElo "2685"]
[BlackElo "2564"]
[PlyCount "53"]
[EventDate "2021.??.??"]
[EventType "blitz"]

1. e4 e5 2. Nf3 d5 3. exd5 e4 4. Qe2 Nf6 5. d3 Qxd5 6. Nc3 Bb4 7. Bd2 Bxc3 8.
Bxc3 O-O 9. Ne5 Re8 10. d4 c5 11. dxc5 Rxe5 12. Rd1 Qe6 13. Rd8+ Ne8 14. Bxe5
Qxe5 15. Rxc8 Kf8 16. Qb5 Qe7 17. Bc4 a6 18. Qb3 Qd7 19. Rxe8+ Qxe8 20. Qxb7
Nd7 21. O-O Nxc5 22. Qd5 Rc8 23. Rd1 Kg8 24. h3 h6 25. Re1 Ne6 26. Rxe4 Rd8 27.
Qe5 {Normal} 1-0

[Event "Rated Blitz tournament hAxCDbC7"]
[Site "?"]
[Date "2021.05.21"]
[Round "?"]
[White "kasparicy"]
[Black "GoughPhar"]
[Result "0-1"]
[WhiteElo "2309"]
[BlackElo "2420"]
[PlyCount "68"]
[EventDate "2021.??.??"]
[EventType "blitz"]

1. e4 e5 2. Nf3 d5 3. exd5 e4 4. Nd4 Qxd5 5. Nb3 Nf6 6. Nc3 Qf5 7. d3 Bb4 8.
Bd2 O-O 9. dxe4 Re8 10. f3 Bxc3 11. Bxc3 Nxe4 12. fxe4 Qxe4+ 13. Qe2 Qh4+ 14.
g3 Rxe2+ 15. Bxe2 Qe7 16. Nd4 Nc6 17. O-O-O Nxd4 18. Rxd4 Be6 19. Bf3 c6 20.
Re1 Rd8 21. Rde4 Qg5+ 22. Kb1 h5 23. Re5 Bf5 24. b3 f6 25. Re7 Rd7 26. Rxd7
Bxd7 27. Re7 Qf5 28. Be2 b5 29. Kb2 Kf8 30. Re3 a6 31. Bd3 Qd5 32. a3 Be6 33.
Bg6 c5 34. Rd3 Qa8 {Time forfeit} 0-1

[Event "Rated Blitz game"]
[Site "?"]
[Date "2021.05.21"]
[Round "?"]
[White "Teodor_Drayzer"]
[Black "DonCroccante"]
[Result "0-1"]
[WhiteElo "2497"]
[BlackElo "2489"]
[PlyCount "56"]
[EventDate "2021.??.??"]
[EventType "blitz"]

1. e4 e5 2. Nf3 d5 3. exd5 e4 4. Qe2 Nf6 5. Nc3 Be7 6. Nxe4 O-O 7. d3 Nxd5 8.
Bd2 f5 9. Nc3 Bf6 10. d4 Re8 11. Ne5 Nc6 12. O-O-O Nxd4 13. Qc4 Bxe5 14. Qxd5+
Qxd5 15. Nxd5 Be6 16. Nf4 Bxa2 17. Bd3 Bf7 18. Rhe1 Rad8 19. h4 c5 20. Be3 a6
21. Bf1 b5 22. c3 Nb3+ 23. Kc2 c4 24. g3 h6 25. Bg2 g5 26. hxg5 hxg5 27. Nd5 f4
28. gxf4 Bg6+ {Normal} 0-1

[Event "Rated Blitz game"]
[Site "?"]
[Date "2021.05.21"]
[Round "?"]
[White "MIDOGM"]
[Black "Aldebaraan"]
[Result "0-1"]
[WhiteElo "2411"]
[BlackElo "2317"]
[PlyCount "24"]
[EventDate "2021.??.??"]
[EventType "blitz"]

1. e4 e5 2. Nf3 d5 3. exd5 e4 4. Qe2 f5 5. d3 Nf6 6. Nc3 Bd6 7. dxe4 fxe4 8.
Nxe4 O-O 9. Nxf6+ Qxf6 10. Qd3 Bf5 11. Qc3 Qe7+ 12. Be3 Bb4 {Normal} 0-1

[Event "Rated Blitz tournament udvU5rTx"]
[Site "?"]
[Date "2021.05.21"]
[Round "?"]
[White "Abylkasymov"]
[Black "Magical_Cat"]
[Result "0-1"]
[WhiteElo "2377"]
[BlackElo "2440"]
[PlyCount "86"]
[EventDate "2021.??.??"]
[EventType "blitz"]

1. e4 e5 2. Nf3 d5 3. d4 dxe4 4. Nxe5 Bd6 5. Nc4 Nf6 6. Nc3 O-O 7. Be2 Bb4 8.
O-O Bxc3 9. bxc3 Nd5 10. Bb2 Nc6 11. Ne3 Nce7 12. c4 Nxe3 13. fxe3 Nf5 14. Qd2
Qg5 15. Rf4 Re8 16. Raf1 b6 17. d5 Nd6 18. Rg4 Bxg4 19. Bxg4 Qxg4 20. h3 Qg6
21. Qc3 Rad8 22. Rf4 h5 23. g4 f6 24. Kh2 hxg4 25. Rxg4 Qf5 26. Qe1 Nf7 27. Qg3
Ng5 28. Rf4 Nf3+ 29. Kg2 Qg5 30. Rg4 Qh6 31. Rg6 Qh7 32. Bxf6 Rd7 33. Qg4 Qxg6
34. Qxg6 Rf7 35. Bg5 Nxg5 36. Qxg5 Ref8 37. Qg3 Rf3 38. Qxc7 Rxe3 39. d6 Rff3
40. d7 Re2+ 41. Kg1 Re1+ 42. Kg2 Re2+ 43. Kh1 Rf1# {Normal} 0-1